000 00372nam a2200109Ia 4500
008 171211s9999 xx 000 0 und d
245 _aCountercultural Conservatives: American Evangelicalism from the Postwar Revival to the New Christian Right
245 _cAxel R. Schäfer
260 _c2011
650 _xReligion
856 _uhttp://down.ebook777.com/063/0299285243.pdf
999 _c350489
_d350489